<?xml version="1.0" encoding="UTF-8"?>
<record
    xmlns:xsi="http://www.w3.org/2001/XMLSchema-instance"
    xsi:schemaLocation="http://www.loc.gov/MARC21/slim http://www.loc.gov/standards/marcxml/schema/MARC21slim.xsd"
    xmlns="http://www.loc.gov/MARC21/slim">

  <leader>00960nam a2200241Ia 4500</leader>
  <controlfield tag="001">21829</controlfield>
  <controlfield tag="003">GE_BSU</controlfield>
  <controlfield tag="008">181216s||||||||xx |||||||||||||| ||und||</controlfield>
  <datafield tag="020" ind1=" " ind2=" ">
    <subfield code="a">978-99940-66-42-1</subfield>
  </datafield>
  <datafield tag="040" ind1=" " ind2=" ">
    <subfield code="c">GE_BSU</subfield>
  </datafield>
  <datafield tag="080" ind1=" " ind2=" ">
    <subfield code="a">811.353.1-8(075.3)</subfield>
  </datafield>
  <datafield tag="100" ind1=" " ind2=" ">
    <subfield code="a">&#x10E0;&#x10DD;&#x10D3;&#x10DD;&#x10DC;&#x10D0;&#x10D8;&#x10D0;, &#x10D5;&#x10D0;&#x10EE;&#x10E2;&#x10D0;&#x10DC;&#x10D2; &#x10DB;&#x10D8;&#x10E0;&#x10D8;&#x10D0;&#x10DC;&#x10D0;&#x10E8;&#x10D5;&#x10D8;&#x10DA;&#x10D8;, &#x10DB;&#x10D0;&#x10E0;&#x10D8;&#x10D0;&#x10DB;  &#x10D5;&#x10D0;&#x10E8;&#x10D0;&#x10D9;&#x10D8;&#x10EB;&#x10D4;, &#x10DA;&#x10D0;&#x10DA;&#x10D8;  &#x10D0;&#x10E0;&#x10D0;&#x10D1;&#x10E3;&#x10DA;&#x10D8;,&#x10D0;&#x10D5;&#x10D7;&#x10D0;&#x10DC;&#x10D3;&#x10D8;&#x10DA;</subfield>
  </datafield>
  <datafield tag="245" ind1=" " ind2=" ">
    <subfield code="a">&#x10E5;&#x10D0;&#x10E0;&#x10D7;&#x10E3;&#x10DA;&#x10D8; &#x10D4;&#x10DC;&#x10D0; : &#x10DB;&#x10D4;-2 &#x10D9;&#x10DA;.</subfield>
  </datafield>
  <datafield tag="245" ind1=" " ind2=" ">
    <subfield code="c">&#x10DB;&#x10EE;&#x10D0;&#x10E2;&#x10D5;. &#x10DB;&#x10D0;&#x10D9;&#x10D0; &#x10D4;&#x10E0;&#x10D8;&#x10E1;&#x10D7;&#x10D0;&#x10D5;&#x10D8;</subfield>
  </datafield>
  <datafield tag="260" ind1=" " ind2=" ">
    <subfield code="a">&#x10D7;&#x10D1;&#x10D8;&#x10DA;&#x10D8;&#x10E1;&#x10D8;</subfield>
  </datafield>
  <datafield tag="260" ind1=" " ind2=" ">
    <subfield code="b">&#x10E1;&#x10D0;&#x10E5;&#x10D0;&#x10E0;&#x10D7;&#x10D5;&#x10D4;&#x10DA;&#x10DD;&#x10E1; &#x10DB;&#x10D0;&#x10EA;&#x10DC;&#x10D4;</subfield>
  </datafield>
  <datafield tag="260" ind1=" " ind2=" ">
    <subfield code="c">2006</subfield>
  </datafield>
  <datafield tag="300" ind1=" " ind2=" ">
    <subfield code="a">166&#x10D2;&#x10D5;. : &#x10D8;&#x10DA;. ; 29&#x10E1;&#x10DB;.</subfield>
  </datafield>
  <datafield tag="520" ind1=" " ind2=" ">
    <subfield code="a">&#x10DE;&#x10D8;&#x10DA;&#x10DD;&#x10E2;&#x10D8;&#x10E0;&#x10D4;&#x10D1;&#x10E3;&#x10DA;&#x10D8;&#x10D0; &#x10E1;&#x10D0;&#x10E5;. &#x10E1;&#x10D9;&#x10DD;&#x10DA;&#x10D4;&#x10D1;&#x10E8;&#x10D8;</subfield>
  </datafield>
  <datafield tag="541" ind1=" " ind2=" ">
    <subfield code="h">10 &#x10DA;.</subfield>
  </datafield>
  <datafield tag="653" ind1=" " ind2=" ">
    <subfield code="a">&#x10E5;&#x10D0;&#x10E0;&#x10D7;&#x10E3;&#x10DA;&#x10D8; &#x10D4;&#x10DC;&#x10D0; : &#x10DB;&#x10D4;-2 &#x10D9;&#x10DA;.</subfield>
  </datafield>
  <datafield tag="942" ind1=" " ind2=" ">
    <subfield code="c">BK</subfield>
  </datafield>
  <datafield tag="999" ind1=" " ind2=" ">
    <subfield code="c">54762</subfield>
    <subfield code="d">54762</subfield>
  </datafield>
  <datafield tag="952" ind1=" " ind2=" ">
    <subfield code="0">0</subfield>
    <subfield code="1">0</subfield>
    <subfield code="2">udc</subfield>
    <subfield code="4">0</subfield>
    <subfield code="6">811353180753</subfield>
    <subfield code="7">0</subfield>
    <subfield code="9">78798</subfield>
    <subfield code="a">CPL</subfield>
    <subfield code="b">CPL</subfield>
    <subfield code="c">GEN</subfield>
    <subfield code="d">2018-12-17</subfield>
    <subfield code="g">10.00</subfield>
    <subfield code="o">811.353.1-8(075.3)</subfield>
    <subfield code="p">56319</subfield>
    <subfield code="r">2018-12-17</subfield>
    <subfield code="t">56319</subfield>
    <subfield code="w">2018-12-17</subfield>
    <subfield code="y">BK</subfield>
    <subfield code="z">10.00&#x20BE;.</subfield>
  </datafield>
  <datafield tag="952" ind1=" " ind2=" ">
    <subfield code="0">0</subfield>
    <subfield code="1">0</subfield>
    <subfield code="2">udc</subfield>
    <subfield code="4">0</subfield>
    <subfield code="6">811353180753</subfield>
    <subfield code="7">0</subfield>
    <subfield code="9">78799</subfield>
    <subfield code="a">CPL</subfield>
    <subfield code="b">CPL</subfield>
    <subfield code="c">GEN</subfield>
    <subfield code="d">2018-12-17</subfield>
    <subfield code="g">10.00</subfield>
    <subfield code="o">811.353.1-8(075.3)</subfield>
    <subfield code="p">56320</subfield>
    <subfield code="r">2018-12-17</subfield>
    <subfield code="t">56320</subfield>
    <subfield code="w">2018-12-17</subfield>
    <subfield code="y">BK</subfield>
    <subfield code="z">10.00&#x20BE;.</subfield>
  </datafield>
  <datafield tag="952" ind1=" " ind2=" ">
    <subfield code="0">0</subfield>
    <subfield code="1">0</subfield>
    <subfield code="2">udc</subfield>
    <subfield code="4">0</subfield>
    <subfield code="6">811353180753</subfield>
    <subfield code="7">0</subfield>
    <subfield code="9">78800</subfield>
    <subfield code="a">CPL</subfield>
    <subfield code="b">CPL</subfield>
    <subfield code="c">GEN</subfield>
    <subfield code="d">2018-12-17</subfield>
    <subfield code="g">10.00</subfield>
    <subfield code="o">811.353.1-8(075.3)</subfield>
    <subfield code="p">56321</subfield>
    <subfield code="r">2018-12-17</subfield>
    <subfield code="t">56321</subfield>
    <subfield code="w">2018-12-17</subfield>
    <subfield code="y">BK</subfield>
    <subfield code="z">10.00&#x20BE;.</subfield>
  </datafield>
  <datafield tag="952" ind1=" " ind2=" ">
    <subfield code="0">0</subfield>
    <subfield code="1">0</subfield>
    <subfield code="2">udc</subfield>
    <subfield code="4">0</subfield>
    <subfield code="6">811353180753</subfield>
    <subfield code="7">0</subfield>
    <subfield code="9">78801</subfield>
    <subfield code="a">CPL</subfield>
    <subfield code="b">CPL</subfield>
    <subfield code="c">GEN</subfield>
    <subfield code="d">2018-12-17</subfield>
    <subfield code="g">10.00</subfield>
    <subfield code="o">811.353.1-8(075.3)</subfield>
    <subfield code="p">56327</subfield>
    <subfield code="r">2018-12-17</subfield>
    <subfield code="t">56327</subfield>
    <subfield code="w">2018-12-17</subfield>
    <subfield code="y">BK</subfield>
    <subfield code="z">10.00&#x20BE;.</subfield>
  </datafield>
</record>
